000 00975cam a2200289 a 4500
001 000004451
005 20200929151438.0
008 950831s1999 sp 000 f spa d
020 _a8420654442
040 _aDO-SdBNP
_cDLC
041 1 7 _aspa
_hger
_2Código de idioma MARC
082 _a828.9934
_bH236a
100 1 _aHandke, Peter,
_d1942-
_913044
240 1 0 _aMein jahr in der niemandsbucht.
_lEspañol
245 1 3 _aEl año que pasé en la bahía de nadie :
_bun cuento de la época actual /
_cPeter Handke ; traducción de Eustaquio Barjau.
260 _aMadrid :
_bAlianza,
_c1999.
300 _a587 p. ;
_c22 cm.
490 1 _aAlianza literaria
534 _aTítulo original:
_tMein jahr in der niemandsbucht.
650 4 _aNovela australiana
_913045
650 4 _aLiteratura australiana
_911480
700 1 _aBarjau, Eustaquio,
_etr.
_913046
830 0 _aAlianza literaria
_913047
910 _aCatalogación por copia / LC
910 _aWM
049 _aBNGR
999 _c4260
_d4260